000 00260nam a2200097Ia 4500
082 _a610. DISA
245 0 _aDisaster medicine
100 _a Wallis, Lee Cape Town, South Africa, 2011
_965140
942 _cBK
008 210817s9999 xx 000 0 und d
999 _c208813
_d208811